Ч. 4; Процессы и аппараты химической технологии

Bibliographische Detailangaben
Parent link:Процессы и аппараты химической технологии: учебник для академического бакалавриата/ Ю. А. Комиссаров, Л. С. Гордеев, Д. П. Вент; под ред. Ю. А. Комиссарова. Ч. 4.— 2-е изд., перераб. и доп..— , 2018-2019.— 978-5-534-05636-5
Zusammenfassung:В настоящем издании рассмотрены вопросы методологии исследования и расчета всех процессов и аппаратов химической технологии и их систем, представлены методы математического моделирования и системного анализа при анализе и синтезе сложных химико-технологических систем. Приводятся примеры расчета с разбором решений для конкретных аппаратов, представлены схемы их работы, описаны подходы к выбору оптимальных технологических схем. В четвертой части "Массообменные процессы и аппараты" рассматриваются основы массопередачи, приводится классификация массообменных аппаратов, дается новая методология исследования диффузионных процессов в барботажных массообменных процессах и т.д.
Sprache:Russisch
Veröffentlicht: 2018
Schlagworte:
Format: Buch
KOHA link:https://koha.lib.tpu.ru/cgi-bin/koha/opac-detail.pl?biblionumber=342999

MARC

LEADER 00000nam2a2200000 4500
001 342999
005 20231102005518.0
010 |a 9785534056341 
035 |a (RuTPU)RU\TPU\book\372609 
035 |a RU\TPU\book\372608 
090 |a 342999 
100 |a 20190529d2018 m y0rusy50 ca 
101 0 |a rus 
102 |a RU 
105 |a a j 001zy 
200 0 |a Ч. 4 
210 |d 2018 
215 |a 327 с.  |c ил. 
320 |a Библиогр.: с. 324-327 
330 |a В настоящем издании рассмотрены вопросы методологии исследования и расчета всех процессов и аппаратов химической технологии и их систем, представлены методы математического моделирования и системного анализа при анализе и синтезе сложных химико-технологических систем. Приводятся примеры расчета с разбором решений для конкретных аппаратов, представлены схемы их работы, описаны подходы к выбору оптимальных технологических схем. В четвертой части "Массообменные процессы и аппараты" рассматриваются основы массопередачи, приводится классификация массообменных аппаратов, дается новая методология исследования диффузионных процессов в барботажных массообменных процессах и т.д. 
461 1 |0 (RuTPU)RU\TPU\book\350908  |y 978-5-534-05636-5  |y 978-5-534-09100-7  |t Процессы и аппараты химической технологии  |o учебник для академического бакалавриата  |f Ю. А. Комиссаров, Л. С. Гордеев, Д. П. Вент  |g под ред. Ю. А. Комиссарова  |v Ч. 4  |e 2-е изд., перераб. и доп.  |d 2018-2019  |s Бакалавр. Академический курс 
606 1 |a Химические процессы и установки в целом  |2 stltpush  |3 (RuTPU)RU\TPU\subj\72033  |9 85649 
610 1 |a массопередача 
610 1 |a абсорбция 
610 1 |a массообменные аппараты 
610 1 |a барботажные массообменные аппараты 
610 1 |a диффузионные процессы 
610 1 |a исследование 
610 1 |a контактные устройства 
610 1 |a конструирование 
610 1 |a двухфазные системы 
610 1 |a газ-жидкость 
610 1 |a пар-жидкость 
610 1 |a перегонка 
610 1 |a ректификация 
610 1 |a многокомпонентные смеси 
610 1 |a равновесие 
610 1 |a схемы разделения 
610 1 |a синтез 
610 1 |a разделение 
610 1 |a учебники 
675 |a 66.02(075.8)  |v 4 
801 1 |a RU  |b 63413507  |c 20171128 
801 2 |a RU  |b 63413507  |c 20190626  |g RCR 
942 |c BK 
959 |a 4/20170125  |d 15  |e 579,00  |f ЧЗТЛ:1  |f УФ:14